「た」から始まる市区町村 - Statistics

General Stats
  • This quiz has been taken 21 times
    15 since last reset
  • The average score is 62 of 91
Answer Stats
都道府県名 郡名 市町村名 % Correct
東京都 特別区 台東区
100%
富山県 高岡市
100%
香川県 高松市
100%
和歌山県 田辺市
100%
秋田県 大仙市
93%
群馬県 高崎市
93%
滋賀県 高島市
93%
大阪府 高槻市
93%
岐阜県 高山市
93%
大分県 竹田市
93%
東京都 立川市
93%
群馬県 館林市
93%
千葉県 館山市
93%
東京都 多摩市
93%
鳥取県 西伯郡 大山町
87%
大阪府 大東市
87%
岡山県 高梁市
87%
兵庫県 宝塚市
87%
三重県 多気郡 多気町
87%
佐賀県 武雄市
87%
岐阜県 多治見市
87%
兵庫県 たつの市
87%
熊本県 玉名市
87%
岡山県 玉野市
87%
兵庫県 丹波篠山市
87%
新潟県 胎内市
80%
兵庫県 多可郡 多可町
80%
兵庫県 高砂市
80%
宮城県 多賀城市
80%
北海道 滝川市
80%
岩手県 滝沢市
80%
広島県 竹原市
80%
千葉県 香取郡 多古町
80%
福島県 田村市
80%
兵庫県 丹波市
80%
大阪府 南河内郡 太子町
73%
兵庫県 揖保郡 太子町
73%
滋賀県 犬上郡 多賀町
73%
大阪府 高石市
73%
愛知県 高浜市
73%
福岡県 田川市
73%
佐賀県 多久市
73%
福岡県 太宰府市
73%
長野県 上伊那郡 辰野町
73%
北海道 伊達市
73%
福島県 伊達市
73%
愛知県 田原市
73%
鹿児島県 垂水市
73%
北海道 広尾郡 大樹町
67%
三重県 度会郡 大紀町
67%
茨城県 高萩市
67%
山形県 東置賜郡 高畠町
67%
北海道 紋別郡 滝上町
67%
大阪府 泉北郡 忠岡町
67%
福島県 南会津郡 只見町
67%
大阪府 泉南郡 田尻町
60%
富山県 中新川郡 立山町
60%
三重県 度会郡 玉城町
60%
奈良県 磯城郡 田原本町
60%
茨城県 久慈郡 大子町
53%
長野県 下伊那郡 喬木村
53%
福井県 大飯郡 高浜町
53%
群馬県 吾妻郡 高山村
53%
長野県 上高井郡 高山村
53%
青森県 三戸郡 田子町
53%
香川県 仲多度郡 多度津町
53%
山梨県 北都留郡 丹波山村
53%
山口県 熊毛郡 田布施町
53%
佐賀県 藤津郡 太良町
53%
沖縄県 宮古郡 多良間村
53%
宮崎県 西臼杵郡 高千穂町
47%
熊本県 阿蘇郡 高森町
47%
沖縄県 八重山郡 竹富町
47%
愛知県 知多郡 武豊町
47%
福島県 東白川郡 棚倉町
47%
高知県 安芸郡 田野町
47%
福島県 石川郡 玉川村
47%
岐阜県 不破郡 垂井町
47%
和歌山県 東牟婁郡 太地町
40%
北海道 上川郡 鷹栖町
40%
奈良県 高市郡 高取町
40%
宮崎県 児湯郡 高鍋町
40%
栃木県 塩谷郡 高根沢町
40%
新潟県 南蒲原郡 田上町
40%
福岡県 三井郡 大刀洗町
40%
鹿児島県 大島郡 龍郷町
40%
岩手県 下閉伊郡 田野畑村
40%
群馬県 佐波郡 玉村町
40%
熊本県 球磨郡 多良木町
40%
宮城県 黒川郡 大和町
33%
長野県 北佐久郡 立科町
33%
No matching quizzes found
Score Distribution
Percent of People with Each Score
Percentile by Number Answered
Your Score History
You have not taken this quiz since the last reset